[Event "SVK-chT4A21 1415"]
[Site "Slovakia"]
[Date "2015.01.04"]
[Round "6.4"]
[White "Perickova, Jana"]
[Black "Tomasovic, Roman"]
[Result "1-0"]
[WhiteElo "1530"]
[BlackElo "1363"]
[PlyCount "76"]
[EventDate "2014.10.12"]
[EventType "team-tourn"]
[EventRounds "11"]
[EventCountry "SVK"]
[SourceTitle "EXT 2022"]
[Source "ChessBase"]
[SourceDate "2021.10.06"]
[SourceVersion "1"]
[SourceVersionDate "2021.10.06"]
[SourceQuality "1"]
[WhiteTeam "Brezova"]
[BlackTeam "Stefanov"]
[WhiteTeamCountry "SVK"]
[BlackTeamCountry "SVK"]

1. e4 e5 2. Nf3 Nf6 3. Nxe5 Qe7 4. Nf3 Qxe4+ 5. Be2 Bc5 6. Nc3 Qe7 7. d3 h6 8. 0-0 0-0 9. Nh4 d6 10. a3 a6 11. Re1 Bxf2+ 12. Kxf2 Ng4+ 13. Bxg4 Qxh4+ 14. Kg1 Qxg4 15. Qxg4 Bxg4 16. Nd5 Nd7 17. Bf4 Ne5 18. d4 Ng6 19. Nxc7 Nxf4 20. Nxa8 Ne2+ 21. Kf1 Rxa8 22. Rxe2 Bxe2+ 23. Kxe2 Re8+ 24. Kf2 f5 25. Re1 Rxe1 26. Kxe1 Kf7 27. c4 g5 28. Kf2 Ke6 29. b4 d5 30. c5 Kd7 31. a4 h5 32. h3 Kc6 33. Kf3 Kd7 34. g3 g4+ 35. hxg4 hxg4+ 36. Kf4 Ke6 37. b5 axb5 38. axb5 Kf6 1-0

[Event "SVK-chT4A21 1314"]
[Site "Slovakia"]
[Date "2013.11.03"]
[Round "3.4"]
[White "Dubecky, Ladislav"]
[Black "Perickova, Jana"]
[Result "1-0"]
[WhiteElo "1675"]
[BlackElo "1534"]
[PlyCount "73"]
[EventDate "2013.10.06"]
[EventType "team-tourn"]
[EventRounds "11"]
[EventCountry "SVK"]
[SourceTitle "EXT 2022"]
[Source "ChessBase"]
[SourceDate "2021.10.06"]
[SourceVersion "1"]
[SourceVersionDate "2021.10.06"]
[SourceQuality "1"]
[WhiteTeam "Kopcany"]
[BlackTeam "Brezova"]
[WhiteTeamCountry "SVK"]
[BlackTeamCountry "SVK"]

1. e4 e5 2. f4 Nc6 3. Nf3 d6 4. Bc4 Nf6 5. Nc3 Be7 6. 0-0 0-0 7. d3 Be6 8. Bxe6 fxe6 9. fxe5 Nxe5 10. Nxe5 dxe5 11. Ne2 Bc5+ 12. d4 exd4 13. Qd3 e5 14. Bg5 Qd6 15. Ng3 Ng4 16. Nf5 Qg6 17. h4 h6 18. Qc4+ Rf7 19. Qxc5 Qh5 20. Bd2 Raf8 21. g3 g6 22. Ne7+ Kg7 23. Rxf7+ Rxf7 24. Qxc7 Nh2 25. Bxh6+ Kxh6 26. Qd8 Nf3+ 27. Kh1 Nxh4 28. Qh8+ Kg5 29. gxh4+ Qxh4+ 30. Qxh4+ Kxh4 31. Nxg6+ Kg5 32. Nxe5 Rh7+ 33. Kg2 Kf4 34. Nf3 Kxe4 35. Re1+ Kd5 36. Re5+ Kd6 37. Re4 1-0

[Event "SVK-ch U14 Girls"]
[Site "Liptovsky Mikulas"]
[Date "2005.04.15"]
[Round "6"]
[White "Briestenska, Andrea"]
[Black "Perickova, Jana"]
[Result "1-0"]
[WhiteElo "1661"]
[BlackElo "1406"]
[PlyCount "57"]
[EventDate "2005.04.11"]
[EventType "swiss"]
[EventRounds "7"]
[EventCountry "SVK"]
[SourceTitle "EXT 2008"]
[Source "ChessBase"]
[SourceDate "2007.11.25"]
[SourceVersion "1"]
[SourceVersionDate "2007.11.25"]
[SourceQuality "1"]

1. f4 d5 2. Nf3 Nc6 3. e3 e6 4. b3 Nf6 5. Bb2 Bd6 6. Be2 Qe7 7. 0-0 e5 8. fxe5 Nxe5 9. a4 Bg4 10. h3 Bh5 11. Nd4 g6 12. Bxh5 Nxh5 13. Nf3 0-0-0 14. Nc3 Nxf3+ 15. Qxf3 Qe5 16. Kf2 d4 17. Qg4+ Kb8 18. Qxd4 Qf5+ 19. Kg1 Bh2+ 20. Kxh2 Rxd4 21. Rxf5 Rxd2 22. Rxf7 Rxc2 23. Nd1 Rd8 24. Rxh7 Re8 25. Rc1 Re2 26. Rcxc7 Rd8 27. Rxb7+ Ka8 28. Rxa7+ Kb8 29. Be5+ 1-0

[Event "SVK-ch U14 Girls"]
[Site "Liptovsky Mikulas"]
[Date "2005.04.13"]
[Round "3"]
[White "Perickova, Jana"]
[Black "Kovariova, Eva"]
[Result "0-1"]
[WhiteElo "1406"]
[BlackElo "1350"]
[PlyCount "68"]
[EventDate "2005.04.11"]
[EventType "swiss"]
[EventRounds "7"]
[EventCountry "SVK"]
[SourceTitle "EXT 2008"]
[Source "ChessBase"]
[SourceDate "2007.11.25"]
[SourceVersion "1"]
[SourceVersionDate "2007.11.25"]
[SourceQuality "1"]

1. e4 c5 2. Nf3 d6 3. d4 cxd4 4. Nxd4 Nf6 5. Nc3 g6 6. Be3 Bg7 7. Be2 0-0 8. 0-0 Nc6 9. Bf3 Ne5 10. Nd5 Nxd5 11. exd5 Bd7 12. c3 Qc7 13. Rc1 Rac8 14. Be2 Nc4 15. Bxc4 Qxc4 16. b3 Qxd5 17. c4 Qa5 18. Rc2 Bxd4 19. Qxd4 a6 20. Bh6 f6 21. Bxf8 Kxf8 22. Qe4 Rc7 23. Re1 Bf5 24. Qe3 Bxc2 25. Qh6+ Kg8 26. Re3 Qxa2 27. h4 Qa1+ 28. Kh2 Qa5 29. g4 Qa1 30. h5 Qd4 31. hxg6 Bxg6 32. g5 Qf4+ 33. Rg3 fxg5 34. Kg2 Qh4 0-1